Statistics for Dangerous Places To Travel

Click here to take the quiz!

General Stats

  • This quiz has been taken 30 times
  • The average score is 13 of 15

Answer Stats

HintAnswer% Correct
AsiaAfghanistan
96%
South AmericaVenezuela
96%
AfricaSouth Sudan
93%
AfricaSudan
93%
AsiaSyria
93%
AsiaYemen
93%
AfricaDemocratic Republic of the Congo
89%
AfricaSomalia
89%
AsiaIraq
85%
AfricaLibya
85%
OceaniaPapua New Guinea
85%
AfricaCentral African Republic
81%
AfricaChad
78%
AsiaMyanmar
67%
AfricaEgypt
59%

Score Distribution

Percentile by Number Answered

Percent of People with Each Score

Your Score History

You have not taken this quiz